| Tag |
First Indicator |
Second Indicator |
Subfields |
| LEADER |
00000cam a2200000 4500 |
| 001 |
in00000039204 |
| 005 |
20151007081555.0 |
| 008 |
721010s1956 eng u |
| 010 |
|
|
|a 57037690
|
| 035 |
|
|
|a (OCoLC)00424910
|
| 035 |
|
|
|9 AAF6590AM
|
| 040 |
|
|
|c CCL
|d TXA
|d UtOrBLW
|
| 049 |
|
|
|a TXAM
|c [405962]
|
| 050 |
|
0 |
|a B945.M181
|b R3
|
| 092 |
|
|
|a 191.9
|b M194t
|
| 100 |
1 |
|
|a McGilvary, Evander Bradley,
|d 1864-1953.
|
| 245 |
1 |
0 |
|a Toward a perspective realism /
|c Edited by Albert G. Ramsperger.
|
| 264 |
|
1 |
|a La Salle, Ill. :
|b Open Court Pub. Co.,
|c 1956.
|
| 300 |
|
|
|a 378 pages :
|b illustrations ;
|c 24 cm.
|
| 336 |
|
|
|a text
|b txt
|2 rdacontent
|
| 337 |
|
|
|a unmediated
|b n
|2 rdamedia
|
| 338 |
|
|
|a volume
|b nc
|2 rdacarrier
|
| 490 |
0 |
|
|a The Paul Carus lectures, 5th ser
|
| 650 |
|
0 |
|a Philosophy.
|
| 650 |
|
0 |
|a Realism.
|
| 999 |
|
|
|a MARS
|
| 999 |
f |
f |
|s 0d78d3a3-3b14-3eb5-8808-55f3f4dc922c
|i 9650e2ae-4549-3589-9d6f-b80bb95238d0
|t 0
|
| 952 |
f |
f |
|p ric
|a Texas A&M University
|b Rellis Campus
|c Joint Library Facility
|d Remote Storage
|t 0
|e B945.M181 R3
|h Library of Congress classification
|i unmediated -- volume
|m A14800541639
|
| 998 |
f |
f |
|a B945.M181 R3
|t 0
|l Remote Storage
|